Mi cáncer y yo : (Registro nro. 29746)

Detalles MARC
000 -LEADER
fixed length control field 01447nam a22002417a 4500
003 - CONTROL NUMBER IDENTIFIER
control field OSt
005 - DATE AND TIME OF LATEST TRANSACTION
control field 20220913154115.0
008 - FIXED-LENGTH DATA ELEMENTS--GENERAL INFORMATION
fixed length control field 220913s2009 sp ||||gr|||| 00| 0 spa d
020 ## - INTERNATIONAL STANDARD BOOK NUMBER
International Standard Book Number 9788496981324
040 ## - CATALOGING SOURCE
Original cataloging agency CO-JMCR
Transcribing agency CO-JMCR
041 0# - LANGUAGE CODE
Language code of text/sound track or separate title spa
082 04 - DEWEY DECIMAL CLASSIFICATION NUMBER
Classification number 610.6 /
Item number F939m
Edition number 23
100 1# - MAIN ENTRY--PERSONAL NAME
Personal name Frouchtmann, Susana,
Relator term autora
9 (RLIN) 42356
245 10 - TITLE STATEMENT
Title Mi cáncer y yo :
Remainder of title volver a vivir /
Statement of responsibility, etc. Susana Frouchtmann
250 ## - EDITION STATEMENT
Edition statement Primera edición
260 ## - PUBLICATION, DISTRIBUTION, ETC.
Place of publication, distribution, etc. Barcelona :
Name of publisher, distributor, etc. Plataforma Editorial,
Date of publication, distribution, etc. 2009
300 ## - PHYSICAL DESCRIPTION
Extent 132 páginas ;
Dimensions 22 cm.
490 0# - SERIES STATEMENT
Series statement Plataforma testimonio
505 0# - FORMATTED CONTENTS NOTE
Formatted contents note La detección -- La operación -- El tratamiento -- Recuperación
520 3# - SUMMARY, ETC.
Summary, etc. Al caer enferma de cáncer, la autora, que había visto fallecer a su padre y hermana aquejados de la misma enfermedad, se enfrentó a la misma empleando la máxima fuerza, mental y física, y recurriendo a la biomedicina.<br/>Fruto de esa experiencia superada, surge este libro en el que relata aspectos que tal vez nadie se atreve a contar y para los que hay que estar preparados. Asimismo, proyecta su vivo deseo, que es infundir ánimo, fuerza y una buena dosis de humor, actitudes que ayudan a relativizar el ego, que suele quedar muy maltrecho por la enfermedad.<br/>Un fantástico relato que también recorre los afectos, la intimidad y, finalmente, la apasionante aventura de querer volver a vivir.
650 14 - SUBJECT ADDED ENTRY--TOPICAL TERM
Topical term or geographic name entry element Cáncer
General subdivision Aspectos psicológicos
9 (RLIN) 42357
942 ## - ADDED ENTRY ELEMENTS (KOHA)
Source of classification or shelving scheme Dewey Decimal Classification
Koha item type Books
Existencias
Withdrawn status Lost status Source of classification or shelving scheme Damaged status Not for loan Home library Current library Date acquired Source of acquisition Total Checkouts Full call number Barcode Date last seen Date last checked out Copy number Price effective from Koha item type
    Dewey Decimal Classification     Biblioteca Pública José María del Castillo y Rada Biblioteca Pública José María del Castillo y Rada 09/13/2022 Donación 1 610.6 / F939m 201811530 05/16/2024 07/07/2023 Ej.1 09/13/2022 Books